| 000 | 01260cam a2200337 a 4500 | ||
|---|---|---|---|
| 999 |
_c1920 _d1920 |
||
| 001 | 1920 | ||
| 003 | BD-JhCC | ||
| 005 | 20210929134019.0 | ||
| 008 | 070823s2008 njua b a 001 0 eng | ||
| 020 | _a9780470227145 (cloth) | ||
| 020 | _a0470227141 (cloth) | ||
| 035 | _a(BD-JhCC)1920 | ||
| 040 |
_aDLC _cDLC _dYDX _dBAKER _dYDXCP _dDLC |
||
| 041 | _aeng | ||
| 050 | 0 | 0 |
_aHG4661 _b.E58 2008 |
| 082 | 0 | 0 |
_a332.67/8 _222 _bORF 2008 |
| 245 | 0 | 4 |
_aThe entrepreneurial investor : _bthe art, science, and business of value investing / _cPaul Orfalea ... [et al.]. |
| 260 |
_aHoboken, N.J. : _bJohn Wiley, _cc2008. |
||
| 300 |
_axxi, 170 p. : _bill. ; _c24 cm. |
||
| 504 | _aIncludes bibliographical references (p. 163-165) and index. | ||
| 650 | 0 | _aStocks. | |
| 650 | 0 | _aValue investing. | |
| 650 | 0 | _aInvestment analysis. | |
| 650 | 0 |
_aCorporations _xValuation. |
|
| 700 | 1 | _aOrfalea, Paul. | |
| 856 | 4 | 2 |
_3Publisher description _uhttp://www.loc.gov/catdir/enhancements/fy0741/2007034468-d.html |
| 856 | 4 | 1 |
_3Table of contents only _uhttp://www.loc.gov/catdir/enhancements/fy0743/2007034468-t.html |
| 856 | 4 | 2 |
_3Contributor biographical information _uhttp://www.loc.gov/catdir/enhancements/fy0806/2007034468-b.html |
| 942 |
_2ddc _cBK _03 |
||